000 00698nam a2200193 i 4500
001 120058
003 ES-MaACL
005 20230906191446.0
007 t|
008 070214s1940 sp r ||||1| spa d
100 1 _aPérez de Urbel, Justo.
_990812
245 1 0 _aAño cristiano /
_cFray Justo Pérez de Urbel.
250 _a2ª ed.
260 _aMadrid :
_bAldecoa,
_c1940.
300 _a5 v. ;
_c20 cm.
505 8 _aContiene: 1. Vidas de santos, enero-marzo -- 2. Vidas de santos, abril-junio -- 3. Vidas de santos, julio-septiembre -- 4. Vidas de santos, octubre-diciembre -- 5. Dominicas. Fiestas movibles. Santoral.
650 4 _aAño litúrgico.
_99903
852 4 _aES-MaACL
_jB-9161-65
999 _c120058
_d120058